| 000 | 00519nam a2200145Ia 4500 | ||
|---|---|---|---|
| 008 | 190925s9999 xx 000 0 und d | ||
| 020 | _a978-1-908993-7-5 | ||
| 100 | _aMurphy, James | ||
| 245 |
_cMurphy, James.-- _aThe principles and practice of bar and beverage management / |
||
| 260 |
_aUK : _bGoodfellow Publishers _c2013 |
||
| 300 |
_a242 pages : _bblack & white pictures |
||
| 500 | _aIncludes appendix, bibliography and index. | ||
| 650 | _aBars (Drinking establishments) -- Management. | ||
| 650 | _aBartending. | ||
| 999 |
_c362202 _d362202 |
||